Edward Said (Record no. 3789)
[ view plain ]
| 000 -LEADER | |
|---|---|
| fixed length control field | 00447nam a2200169Ia 4500 |
| 008 - FIXED-LENGTH DATA ELEMENTS--GENERAL INFORMATION | |
| fixed length control field | 151213s9999 xx 000 0 und d |
| 020 ## - INTERNATIONAL STANDARD BOOK NUMBER | |
| International Standard Book Number | 0-415-24778-0 |
| 082 ## - DEWEY DECIMAL CLASSIFICATION NUMBER | |
| Classification number | 194 |
| Item number | 194 |
| 100 ## - MAIN ENTRY--PERSONAL NAME | |
| Personal name | Bill Ashcroft, Pal Ahluwalia |
| 245 ## - TITLE STATEMENT | |
| Title | Edward Said |
| Statement of responsibility, etc. | Bill Ashcroft, Pal Ahluwalia |
| 260 ## - PUBLICATION, DISTRIBUTION, ETC. (IMPRINT) | |
| Place of publication, distribution, etc. | New York |
| Name of publisher, distributor, etc. | Routledge |
| Date of publication, distribution, etc. | 2001 |
| 300 ## - PHYSICAL DESCRIPTION | |
| Extent | 7146 p. |
| 650 ## - SUBJECT ADDED ENTRY--TOPICAL TERM | |
| Topical term or geographic name as entry element | English |
| 650 ## - SUBJECT ADDED ENTRY--TOPICAL TERM | |
| Topical term or geographic name as entry element | English |
| 700 ## - ADDED ENTRY--PERSONAL NAME | |
| Personal name | Bill Ashcroft, Pal Ahluwalia |
No items available.
